000 01560nam a22001457a 4500
999 _c525135
_d525135
008 240212b ||||| |||| 00| 0 eng d
100 _aCyndia, B. K., Jasmin, K. S. Shoba
_949904
245 _aStress management amongst shift workers in India
260 _aProductivity
300 _a64(3), Oct-Dec, 2023: p.249-260
520 _aShift work stands as an indispensable pillar of contemporary society, facilitating ceaseless operations across an array of industries. However, stress is a significant, formidable challenge associated with shift work, which has extensive repercussions on the well being of shift operatives. This study is an exploration of stress relief in the specific context of shift employment. It lays particular emphasis on the insights from studies that cast light on the intricate interplay of shift work, stress, and the ensuing ramifications for health. In this context, the present study is aimed at discussing the stress management strategies used by shift workers in India. The study uses primary data collected from 60 sample respondents through convenient sampling using a structured questionnaire. The findings reveal that stress management strategies for shift workers is an area that presents opportunities to determine some ways to manage stress not only for shift workers but for the worker population in general.- Reproduced https://www.printspublications.com/journal/productivity--a-quarterly-journal-of-the-national-productivity-council
773 _aProductivity
906 _aSTRESS MANAGEMENT
942 _cAR